Từ hạt cát đến ngọc trai

Wedi'i Gadw mewn:
Manylion Llyfryddiaeth
Prif Awdur: Trầm Linh (biên soạn)
Awduron Eraill: Nguyễn Lệ Thu (người dịch), Hạ Dịch Ân (biên soạn)
Fformat: Llyfr
Iaith:Vietnamese
Cyhoeddwyd: Hà Nội Thanh niên 2016
Pynciau:
Tagiau: Ychwanegu Tag
Dim Tagiau, Byddwch y cyntaf i dagio'r cofnod hwn!
Thư viện lưu trữ: Trung tâm Học liệu Lê Vũ Hùng, Trường Đại học Đồng Tháp
LEADER 00885nam a22002658a 4500
001 00042916
005 20181029071033.0
008 171101s2017####-vm#################vie|d
020 # # |c 95000  |a 978 604 64 3152 7 
041 0 # |a Vie 
082 # # |a 646.7  |b T550H 
100 1 # |e biên soạn  |a Trầm Linh 
245 1 0 |a Từ hạt cát đến ngọc trai  |c Trầm Linh; Hạ Dịch Ân(biên soạn); Nguyễn Lệ Thu( Dịch) 
260 # # |b Thanh niên  |c 2016  |a Hà Nội 
300 # # |a 299 tr.  |c 24 cm. 
653 # # |a Cuộc sống 
653 # # |a Thành công 
653 # # |a Gia đình 
653 # # |a Công việc 
700 1 # |a Nguyễn Lệ Thu  |e người dịch 
700 1 # |a Hạ Dịch Ân  |e biên soạn 
852 # # |j KD.0024853 
910 0 # |d 29/10/2018 
980 # # |a Trung tâm Học liệu Lê Vũ Hùng, Trường Đại học Đồng Tháp